Hertha BSC players since 2000 - Statistics

General Stats
  • This quiz has been taken 28 times
  • The average score is 95 of 259
Answer Stats
Ranking Player Positions Nationality Matches Goals Assists Periods % Correct
209 Bence Dárdai AM 8 0 1 2023-2024
96%
34 Márton Dárdai CB 100 1 3 2020-2025
96%
2 Pál Dárdai DM 237 15 12 2000-2011
96%
102 Palkó Dárdai RW 47 7 4 2017-2018, 2023-2025
96%
196 Jérôme Boateng CB 10 0 0 2006-2007
92%
49 Kevin-Prince Boateng AM 76 4 8 2005-2006, 2021-2023
92%
1 Fabian Lustenberger CB 271 4 8 2007-2019
88%
28 Gábor Király GK 110 0 0 2000-2004
88%
24 John Brooks CB 119 7 2 2012-2017
88%
18 Vedad Ibisevic ST 138 45 20 2015-2020
88%
37 Dodi Lukébakio RW 94 24 15 2019-2023
83%
40 Jonjoe Kenny RB 90 4 15 2022-2025
83%
13 Marcelinho Paraíba AM 155 65 49 2001-2006
83%
15 Maximilian Mittelstädt LB 145 2 15 2015-2023
83%
6 Peter Pekarík RB 212 4 12 2012-2024
83%
11 Rune Jarstein GK 164 0 0 2013-2021
83%
14 Salomon Kalou LW 151 48 15 2014-2020
83%
10 Vladimír Darida CM 170 13 25 2015-2023
83%
12 Adrián Ramos ST 157 58 34 2009-2014
79%
51 Jordan Torunarigha CB 73 5 5 2016-2022
79%
41 Lucas Tousart CM 89 8 4 2020-2023
79%
5 Marvin Plattenhardt LB 215 6 32 2014-2023
79%
61 Mathew Leckie LW 68 7 3 2017-2021
79%
7 Per Ciljan Skjelbred CM 179 2 12 2013-2020
79%
17 Raffael CF 140 33 30 2007-2012
79%
155 Tunay Torun RW 20 4 0 2011-2012
79%
3 Arne Friedrich CB 231 14 20 2002-2010
75%
45 Deyovaisio Zeefuik RB 82 2 3 2020-2021, 2023-2025
75%
118 Haris Tabakovic ST 34 22 6 2023-2025
75%
36 Jaroslav Drobný GK 97 0 2 2007-2010
75%
82 Krzysztof Piatek ST 56 12 4 2019-2022
75%
16 Thomas Kraft GK 143 0 0 2011-2015, 2017-2020
75%
25 Davie Selke ST 114 19 15 2017-2019, 2021-2023
71%
59 Dedryck Boyata CB 70 5 3 2019-2022
71%
146 Diego Demme DM 22 0 2 2024-2025
71%
4 Josip Simunic CB 222 3 8 2000-2009
71%
30 Levan Kobiashvili LB 105 7 5 2009-2014
71%
26 Marko Pantelic ST 114 44 21 2005-2009
71%
27 Ronny AM 112 27 25 2010-2016
71%
115 Stevan Jovetić CF 35 10 3 2021-2023
71%
96 Fabian Reese ST 49 20 15 2023-2025
67%
179 Gustav Christensen LM 14 0 1 2023-2025
67%
171 Jeremy Dudziak LB 16 1 0 2023-2025
67%
94 Linus Gechter CB 50 3 2 2021-2022, 2023-2025
67%
62 Lukasz Piszczek RB 68 3 5 2007-2010
67%
121 Michaël Cuisance CM 32 6 7 2024-2025
67%
50 Niko Kovac DM 75 8 3 2003-2006
67%
116 Oliver Christensen GK 35 0 0 2022-2024
67%
84 Tjark Ernst GK 55 0 0 2022-2025
67%
91 Toni Leistner CB 51 0 1 2023-2025
67%
58 Änis Ben-Hatira RW 70 14 11 2011-2015
63%
99 Ibrahim Maza AM 48 7 7 2022-2025
63%
111 Matheus Cunha CF 39 12 8 2019-2022
63%
71 Pierre-Michel Lasogga ST 64 22 10 2010-2013
63%
74 Suat Serdar CM 62 7 2 2021-2023
63%
95 Tolga Ciğerci DM 50 1 6 2013-2015, 2022-2023
63%
86 Javairô Dilrosun LW 54 6 8 2018-2022
58%
60 Marc Oliver Kempf CB 69 5 1 2021-2025
58%
89 Marten Winkler LM 52 7 7 2020-2021, 2023-2025
58%
8 Niklas Stark CB 176 7 3 2015-2022
58%
98 Santiago Ascacíbar DM 49 1 2 2019-2022
58%
63 Valentin Stocker LW 68 8 12 2014-2018
58%
88 Alexander Esswein ST 52 4 4 2016-2017, 2019-2020
54%
69 Gojko Kacar DM 64 10 4 2007-2010
54%
87 Hajime Hosogai DM 53 0 2 2013-2015
54%
35 Michael Preetz ST 98 35 14 2000-2003
54%
104 Michal Karbownik LM 46 0 2 2023-2025
54%
78 Ondrej Duda CM 59 12 7 2016-2020
54%
103 Pascal Klemens DM 47 1 3 2022-2025
54%
136 Rob Friend ST 25 5 6 2010-2011
54%
142 Wilfried Kanga ST 23 2 0 2022-2023
54%
92 Alexander Schwolow GK 51 0 0 2020-2022
50%
158 Chidera Ejuke LW 20 0 3 2022-2023
50%
52 Derry Scherhant LW 72 10 7 2022-2025
50%
139 Mattéo Guendouzi CM 24 2 3 2020-2021
50%
55 Mitchell Weiser RB 70 5 11 2015-2018
50%
65 Sami Allagui ST 67 16 8 2012-2014, 2016-2017
50%
201 Sami Khedira CM 9 0 2 2020-2021
50%
175 Sascha Burchert GK 15 0 0 2009-2012, 2014-2015
50%
81 Valentino Lazaro RM 57 5 12 2017-2019
50%
54 Yıldıray Baştürk AM 71 14 13 2004-2007
50%
23 Andreas Neuendorf CM 120 12 11 2001-2006, 2010-2011
46%
131 Andriy Voronin CF 27 11 4 2008-2009
46%
133 Ashkan Dejagah RW 26 1 4 2004-2007
46%
39 Genki Haraguchi AM 91 4 8 2014-2018
46%
132 Ishak Belfodil ST 26 5 3 2021-2022
46%
112 Jessic Ngankam ST 37 6 3 2019-2020, 2022-2023
46%
150 Jhon Córdoba ST 21 7 2 2020-2021
46%
238 Julian Eitschberger RM 2 0 0 2021-2023
46%
68 Karim Rekik CB 64 3 3 2017-2020
46%
75 Marco Richter AM 62 11 7 2021-2024
46%
90 Marko Grujić DM 51 9 2 2018-2020
46%
57 Nando Rafael ST 70 16 6 2002-2006
46%
21 Patrick Ebert RW 121 8 19 2006-2012
46%
120 Alexander Baumjohann AM 33 1 6 2013-2014, 2015-2016
42%
47 Alexander Madlung CB 81 11 2 2002-2006
42%
124 Ali Daei ST 31 3 3 2000-2002
42%
72 Artur Wichniarek ST 63 4 6 2003-2005, 2009-2010
42%
168 Bilal Hussein CM 17 1 1 2023-2024
42%
76 Christian Lell RB 61 1 8 2010-2012
42%
169 Christian Müller AM 16 2 0 2004-2005, 2006-2008
42%
85 Fredi Bobic ST 54 8 7 2003-2005
42%
32 Gilberto LB 101 14 13 2004-2008
42%
149 Jean-Paul Boëtius AM 21 0 0 2022-2023
42%
191 Luca Netz LB 11 1 0 2020-2021
42%
154 Luca Schuler ST 20 4 1 2024-2025
42%
77 Marcel Ndjeng RM 61 5 7 2012-2015
42%
195 Marius Gersbeck GK 10 0 0 2013-2014, 2023-2025
42%
22 Peter Niemeyer DM 121 9 5 2010-2015
42%
243 Robert Müller CB 1 0 0 2006-2007
42%
157 Agustín Rogel CB 20 0 1 2022-2023
38%
205 Daishawn Redan ST 8 0 0 2019-2021
38%
145 Dariusz Wosz AM 22 3 1 2000-2001
38%
56 Florian Niederlechner ST 70 14 3 2022-2025
38%
108 Julian Schieber ST 43 10 3 2014-2018
38%
97 Lukas Klünter RB 49 0 2 2018-2022
38%
151 Marius Wolf RB 21 1 3 2019-2020
38%
46 Roman Hubnik CB 81 7 1 2009-2013
38%
29 Sebastian Langkamp CB 106 1 1 2013-2018
38%
79 Arne Maier CM 58 0 1 2016-2021
33%
19 Christian Fiedler GK 123 0 1 2001-2007
33%
143 Fabian Holland LB 23 0 1 2011-2014
33%
161 Ivan Sunjic DM 18 0 0 2022-2023
33%
106 Johannes van den Bergh LB 45 0 2 2013-2016
33%
152 Jurgen Ekkelenkamp CM 21 3 0 2021-2022
33%
170 Maik Franz CB 16 0 0 2011-2013
33%
185 Nemanja Radonjić LW 12 1 2 2020-2021
33%
38 Nico Schulz LB 93 2 7 2010-2011, 2012-2016
33%
126 Roy Beerens RW 29 4 1 2014-2016
33%
53 Sandro Wagner ST 71 7 2 2012-2015
33%
134 Andreas Ottl DM 26 0 1 2011-2012
29%
31 Andreas Schmidt DM 103 3 1 2000-2003, 2005-2008
29%
224 Boris Mamuzah Lum DM 3 0 0 2024-2025
29%
9 Dick van Burik CB 171 6 1 2000-2007
29%
182 Johnny Heitinga CB 13 1 0 2014-2015
29%
162 Jón Dagur Thorsteinsson LW 18 0 1 2024-2025
29%
20 Malik Fathi LB 123 2 8 2003-2008
29%
167 Myziane Maolida LW 17 1 1 2021-2023
29%
166 Omar Alderete CB 17 0 0 2020-2021
29%
232 Sinan Kurt LW 2 0 0 2016-2017
29%
42 Sofian Chahed RB 89 4 6 2003-2004, 2005-2009
29%
165 Theofanis Gekas ST 17 6 1 2009-2010
29%
66 Alex Alves ST 66 21 14 2000-2003
25%
176 Allan DM 15 0 0 2016-2017
25%
247 Anderson Lucoqui LB 1 0 0 2023-2024
25%
117 Andreas Bouchalakis CM 34 1 1 2023-2025
25%
105 Jens Hegeler CM 46 1 1 2014-2017
25%
199 Lúcio LB 10 1 2 2007-2009
25%
107 Maximilian Nicu CB 43 3 7 2008-2010
25%
125 Peer Kluge DM 29 3 8 2012-2014
25%
258 Robert Kwasigroch GK 1 0 0 2023-2024
25%
113 Sebastian Deisler RM 36 7 9 2000-2002
25%
223 Anton Kade RM 4 0 0 2021-2022
21%
186 Aymen Barkok AM 12 1 0 2023-2024
21%
128 Christian Giménez ST 28 12 3 2006-2007
21%
144 Filip Uremovic CB 22 0 0 2022-2023
21%
248 Julius Kade CM 1 0 0 2016-2017
21%
177 Kaká CB 15 0 0 2008-2011
21%
138 Maikel Aerts GK 24 0 0 2010-2011
21%
43 Marko Rehmer RB 88 4 4 2000-2004
21%
83 Nikita Rukavytsya ST 56 5 16 2010-2013
21%
217 Sejad Salihovic CM 5 0 2 2004-2005
21%
123 Smail Prevljak ST 31 5 2 2023-2025
21%
64 Steve von Bergen CB 68 0 1 2007-2010
21%
48 Thorben Marx DM 79 6 9 2000-2006
21%
259 Tim Hoffmann CB 1 0 0 2023-2024
21%
67 Valeri Domovchiyski ST 65 9 2 2007-2011
21%
101 Andre Mijatovic CB 47 2 2 2010-2012
17%
160 Chinedu Ede RW 19 1 4 2006-2008
17%
153 Christopher Samba CB 20 0 0 2005-2007
17%
100 Christoph Janker CB 47 0 1 2009-2014
17%
73 Cícero CM 63 10 11 2008-2010
17%
141 Giuseppe Reina RW 23 4 0 2003-2005
17%
164 Hany Mukhtar AM 17 0 0 2012-2014
17%
227 Lennart Hartmann DM 3 0 0 2008-2010
17%
198 Marcel Lotka GK 10 0 0 2021-2022
17%
109 Marc Stein CB 42 0 0 2008-2010
17%
33 Michael Hartmann LM 101 3 15 2000-2005
17%
246 Nader Jindaoui RW 1 0 0 2023-2024
17%
122 Oliver Schröder DM 31 1 0 2004-2006
17%
190 Pascal Köpke ST 11 0 1 2018-2020
17%
189 Sixten Veit DM 12 0 0 2000-2001
17%
110 Solomon Okoronkwo ST 39 4 1 2005-2008
17%
187 Srdjan Lakic ST 12 0 1 2006-2008
17%
230 Timo Ochs GK 2 0 0 2009-2010
17%
204 Bryan Roy RW 8 1 0 2000-2001
13%
234 Christopher Schorch CB 2 0 0 2006-2007
13%
208 Dennis Cagara LB 8 0 0 2003-2004
13%
220 Dennis Smarsch GK 4 0 0 2019-2020, 2024-2025
13%
218 Derrick Luckassen CB 4 0 0 2018-2019
13%
219 Dong-jun Lee RW 4 0 0 2021-2022
13%
178 Eduard Löwen CM 14 0 0 2019-2021
13%
127 Ellery Cairo RW 29 1 6 2005-2007
13%
137 Felix Bastians CB 24 0 1 2011-2013
13%
226 Florian Baak CB 3 0 0 2016-2017, 2018-2019
13%
184 Florian Kringe CM 12 0 0 2009-2010
13%
215 Gerhard Tremmel GK 5 0 0 2005-2006
13%
254 Ibrahima Traoré LW 1 0 0 2007-2008
13%
235 Jonas Michelbrink CM 2 0 0 2020-2021
13%
156 Kevin Sessa CM 20 0 1 2024-2025
13%
233 Kevin Stuhr-Ellegaard GK 2 0 0 2006-2007
13%
228 Lazar Samardžić AM 3 0 0 2019-2020
13%
229 Luca Wollschläger ST 3 0 0 2021-2022, 2024-2025
13%
135 Luizão ST 26 4 5 2002-2004
13%
192 Marco Djuricin ST 11 2 0 2010-2012
13%
210 Marco Sejna GK 7 0 0 2010-2011
13%
172 Nemanja Pejcinovic CB 16 0 1 2009-2010
13%
119 Roberto Pinto RM 34 2 1 2001-2004
13%
130 Rob Maas DM 28 0 1 2000-2003
13%
174 Rudi Skacel LM 16 2 1 2007-2008
13%
194 Aleksandar Mladenov AM 10 0 1 2002-2004
8%
222 Alexander Ludwig CM 4 0 0 2003-2004
8%
159 Alfredo Morales CM 20 1 0 2010-2013
8%
244 Amadeus Wallschläger CB 1 0 0 2006-2007
8%
200 Amine Chermiti ST 10 0 1 2008-2009
8%
250 Andreas Thom ST 1 0 0 2000-2001
8%
173 André Lima ST 16 2 0 2007-2008
8%
44 Bart Goor LM 87 13 15 2001-2004
8%
148 Bartosz Karwan RM 21 0 1 2002-2004
8%
249 Benjamin Köhler LM 1 0 0 2000-2001
8%
163 Ben Sahar ST 18 2 1 2012-2013
8%
255 Bryan Arguez DM 1 0 0 2007-2008
8%
225 César LM 3 0 0 2009-2010
8%
251 Christopher Gäng GK 1 0 0 2008-2009
8%
240 Cimo Röcker CB 1 0 0 2021-2022
8%
253 Daniel Beichler CF 1 0 0 2012-2013
8%
147 Denis Lapaczinski DM 22 2 2 2001-2004
8%
181 Dennis Jastrzembski LW 13 0 0 2018-2019, 2021-2022
8%
236 Elias Kachunga ST 2 0 0 2012-2013
8%
80 Eyjólfur Sverrisson DM 58 3 6 2000-2003
8%
140 Fanol Perdedaj CM 24 0 1 2010-2012
8%
245 Florian Kohls CM 1 0 0 2015-2016
8%
202 Fredrik Bjørkan LB 9 0 0 2021-2022
8%
242 Joël Tchami ST 1 0 0 2001-2002
8%
256 Jonas Dirkner CM 1 0 0 2020-2021
8%
221 Kai Michalke LW 4 2 0 2000-2001
8%
129 Konstantinos Konstantinidis CB 28 1 2 2000-2003
8%
216 Leandro Cufré LB 5 0 0 2008-2009
8%
207 Marko Babic LM 8 0 0 2008-2009
8%
206 Marvin Knoll CB 8 1 0 2010-2011, 2012-2013
8%
114 Mineiro DM 36 2 2 2006-2008
8%
193 Nené CB 10 0 0 2002-2003
8%
212 Pascal Bieler LB 6 0 0 2007-2008
8%
239 Philip Sprint GK 2 0 0 2012-2013
8%
214 Piotr Reiss ST 6 0 2 2000-2001
8%
213 Rasmus Bengtsson CB 6 0 0 2009-2010
8%
93 René Tretschok DM 50 2 12 2000-2003
8%
203 Rodnei CB 9 0 0 2008-2009
8%
252 Sascha Bigalke AM 1 0 0 2009-2010
8%
241 Sead Zilic ST 1 0 1 2000-2001
8%
183 Sebastian Neumann CB 13 0 0 2010-2012
8%
70 Stefan Beinlich AM 64 8 13 2000-2003
8%
180 Tobias Grahn CM 13 0 0 2007-2008
8%
237 Tony Rölke AM 2 0 0 2022-2024
8%
188 Tony Sanneh RB 12 0 0 2000-2001
8%
231 Trond Ludvigsen RW 2 0 0 2001-2002
8%
197 Vaclav Sverkos ST 10 0 2 2005-2006
8%
257 Veit Stange DM 1 0 0 2022-2023
8%
211 Yanni Regäsel DM 6 0 0 2015-2016
8%
No matching quizzes found
Score Distribution
Percent of People with Each Score
Percentile by Number Answered
Your Score History
You have not taken this quiz